ARRUPE JESUIT UNIVERSITY

CORONAVIRUS -STOP THE SPREAD - CLEAN,DISINFECT,COVER

Hermeneutic phenomenology : (Record no. 123341)

MARC details
000 -LEADER
fixed length control field 01325pam a2200313 a 4500
001 - CONTROL NUMBER
control field 1478799
003 - CONTROL NUMBER IDENTIFIER
control field ARRUPE
005 - DATE AND TIME OF LATEST TRANSACTION
control field 20150910102941.0
008 - FIXED-LENGTH DATA ELEMENTS--GENERAL INFORMATION
fixed length control field 871008s1988 paua b 111 0 eng
010 ## - LIBRARY OF CONGRESS CONTROL NUMBER
LC control number 87029424
020 ## - INTERNATIONAL STANDARD BOOK NUMBER
International Standard Book Number 0819167584 (University Press of America : alk. paper) :
Terms of availability $36.50
020 ## - INTERNATIONAL STANDARD BOOK NUMBER
International Standard Book Number 0819167592 (University Press of America : pbk. : alk. paper) :
Terms of availability $22.75
020 ## - INTERNATIONAL STANDARD BOOK NUMBER
Cancelled/invalid ISBN 0819166584 (University Press of America : alk. paper) :
Terms of availability $36.50
040 ## - CATALOGING SOURCE
Original cataloging agency DLC
Transcribing agency DLC
Modifying agency DLC
050 00 - LIBRARY OF CONGRESS CALL NUMBER
Classification number SPCH3.K76
082 00 - DEWEY DECIMAL CLASSIFICATION NUMBER
Classification number 142/.7
Edition number 19
300 ## - PHYSICAL DESCRIPTION
Other physical details ill. ;
Dimensions 24 cm.
245 00 - TITLE STATEMENT
Title Hermeneutic phenomenology :
Remainder of title lectures and essays /
Statement of responsibility, etc edited by Joseph J. Kockelmans.
260 ## - PUBLICATION, DISTRIBUTION, ETC. (IMPRINT)
Place of publication, distribution, etc [Pittsburgh, Pa.] :
Name of publisher, distributor, etc Center for Advanced Research in Phenomenology ;
Place of publication, distribution, etc Washington, D.C. :
Name of publisher, distributor, etc University Press of America,
Date of publication, distribution, etc 1988.
300 ## - PHYSICAL DESCRIPTION
Extent xvi, 388 p. :
440 #0 - SERIES STATEMENT/ADDED ENTRY--TITLE
Title Current continental research ;
Volume number/sequential designation 012
9 (RLIN) 19641
500 ## - GENERAL NOTE
General note Heelan, Patrick A. - A Heideggerian meditation on science and art p.257-276
504 ## - BIBLIOGRAPHY, ETC. NOTE
Bibliography, etc Bibliography: p. [363]-373.
600 10 - SUBJECT ADDED ENTRY--PERSONAL NAME
Personal name Heidegger, Martin,
Dates associated with a name 1889-1976
General subdivision Congresses.
9 (RLIN) 19642
650 #0 - SUBJECT ADDED ENTRY--TOPICAL TERM
Topical term or geographic name as entry element Hermeneutics
General subdivision Congresses.
9 (RLIN) 19643
650 #0 - SUBJECT ADDED ENTRY--TOPICAL TERM
Topical term or geographic name as entry element Phenomenology
General subdivision Congresses.
9 (RLIN) 15356
700 1# - ADDED ENTRY--PERSONAL NAME
Personal name Kockelmans, Joseph J.,
Dates associated with a name 1923-
9 (RLIN) 19217
Relator term ed.
906 ## - LOCAL DATA ELEMENT F, LDF (RLIN)
a 7
b cbc
c orignew
d 1
e ocip
f 19
g y-gencatlg
942 ## - ADDED ENTRY ELEMENTS (KOHA)
Source of classification or shelving scheme Library of Congress Classification
Koha item type SPC
Holdings
Withdrawn status Lost status Source of classification or shelving scheme Damaged status Not for loan Collection code Home library Current library Shelving location Date acquired Total Checkouts Full call number Barcode Date last seen Price effective from Koha item type
    Library of Congress Classification     SPECIAL Collection ARRUPE LIBRARY ARRUPE LIBRARY Main Collection 09/09/2015   SPCH3.K76 46500005086 09/09/2015 09/09/2015 SPC

 

Arrupe Library. PO Box MP320 Mt Pleasant, Harare, Zimbabwe
263 242 745411|librarian@aju.ac.zw